| 000 | 00900nas a2200301 4500 | ||
|---|---|---|---|
| 001 | BR0302373 | ||
| 003 | BR-BrBNA | ||
| 005 | 20231205103758.0 | ||
| 007 | ta | ||
| 008 | 230509b bl.|||p| |||| 00| 00por d | ||
| 040 |
_aBR-BrBNA _bpor _cBiblioteca Nacional de Agricultura |
||
| 041 | _a(Pt) | ||
| 072 | _aH20; H10 | ||
| 100 | 1 | _aOliveira, R.D. de L. | |
| 100 | 1 | _aFerraz, S. | |
| 100 | 1 | _aAlfenas, A.C. | |
| 100 | 1 | _aDias-Arieira, C.R. | |
| 245 | 1 | _aCaracterização morfológica e isoenzimática de espécies de Arthrobotrys ocorrentes no Brasil | |
| 650 | _aFUNGO | ||
| 650 | _aIDENTIFICAÇÃO | ||
| 650 | _aNEMATÓIDE | ||
| 650 | _aISOENZIMA | ||
| 650 | _aBIOLOGIA | ||
| 650 | _aCONTROLE BIOLÓGICO | ||
| 773 | 0 |
_tNematologia Brasileira (Brazil) _xISSN 0102-2997 _g(Dec 2002), v. 26(2) p. 181-197 _wBR0302373 |
|
| 909 |
_a202311 _bLúcia _c55 _dLúcia Elande |
||
| 942 |
_2AGRIS _n0 _cANA |
||
| 999 |
_c174689 _d174689 |
||